Kingdom Hearts 2- Organization XIII Rankings - Statistics

General Stats
  • This quiz has been taken 99 times
  • The average score is 11 of 13
Answer Stats
Hint Answer % Correct
#1. Final Boss. Xemnas
98%
#13. The Keyblade Wielder (no clue really needed :D) Roxas
96%
#8. Fire. Axel
95%
#11. Sora's final boss in Chain of Memories. Marluxia
93%
#2. Lasers. Xigbar
91%
#7. X-shaped scar. Saix
88%
#12. Only official female member. Larxene
85%
#4. Eliminated in Chain of Memories. Ice user. Vexen
85%
#9. Musician. Demyx
81%
#3. Beast's Castle final boss Xaldin
81%
#10. Uses cards. Luxord
79%
#6. Elimiated in Chain of Memories. Sora never meets him. Uses a Lexicon. Zexion
74%
#5. Eliminated in Chain of Memories. Sora never meets him. Uses an Axe Sword. Lexaeus
69%
No matching quizzes found
Score Distribution
Percent of People with Each Score
Percentile by Number Answered
Your Score History
You have not taken this quiz